[Event "POL-chT3 Podkarpackie"]
[Site "Czudec"]
[Date "2016.05.28"]
[Round "2.17"]
[White "Pejski, Adam"]
[Black "Klis, Michal"]
[Result "0-1"]
[WhiteElo "1399"]
[BlackElo "1654"]
[PlyCount "93"]
[EventDate "2016.05.27"]
[EventType "team-tourn"]
[EventRounds "9"]
[EventCountry "POL"]
[SourceTitle "EXT 2018"]
[Source "ChessBase"]
[SourceDate "2017.10.13"]
[SourceVersion "1"]
[SourceVersionDate "2017.10.13"]
[SourceQuality "1"]
[WhiteTeam "Ustrzyki Dolne"]
[BlackTeam "Sedziszow Malopolski"]
[WhiteTeamCountry "POL"]
[BlackTeamCountry "POL"]

1. e4 c5 2. Nc3 Nc6 3. f4 e6 4. Nf3 d6 5. Bb5 Bd7 6. Bxc6 Bxc6 7. d3 g6 8. 0-0 Bg7 9. Qe1 Ne7 10. e5 Bxf3 11. Rxf3 dxe5 12. fxe5 Qd4+ 13. Rf2 Qxe5 14. Bf4 Qxe1+ 15. Rxe1 Bxc3 16. bxc3 Nc6 17. Bd6 b6 18. Ref1 f5 19. g4 Kd7 20. Bg3 Rhf8 21. a4 Rac8 22. gxf5 exf5 23. h4 Rfe8 24. h5 Re6 25. Bh4 Rce8 26. h6 Ne5 27. Rg2 Kc6 28. d4 Nc4 29. Bg5 Ne3 30. Bxe3 Rxe3 31. dxc5 Kxc5 32. Rd1 R8e7 33. Rd8 Re1+ 34. Kh2 R1e2 35. Rxe2 Rxe2+ 36. Kg3 Re7 37. Kf4 Kc6 38. Kg5 Rf7 39. Rh8 f4 40. Rc8+ Kd7 41. Rc4 f3 42. Rd4+ Ke6 43. Rd1 f2 44. Rf1 Ke5 45. Kg4 Ke4 46. c4 Ke3 47. Kg3 0-1